Normal view
MARC view
- Hargreaves, Martin Croft, Anthonydavison, Robert
Entry Personal Name
001 - CONTROL NUMBER
- control field: 75663
003 - CONTROL NUMBER IDENTIFIER
- control field: NUST
005 - DATE AND TIME OF LATEST TRANSACTION
- control field: 20210628205447.0
008 - FIXED-LENGTH DATA ELEMENTS
- fixed length control field: 210628|| aca||aabn | a|a d
040 ## - CATALOGING SOURCE
- Original cataloging agency: NUST
- Transcribing agency: NUST
100 ## - HEADING--PERSONAL NAME
- Personal name: Hargreaves, Martin Croft, Anthonydavison, Robert
670 ## - SOURCE DATA FOUND
- Source citation: Work cat.: (NUST): Hargreaves, Martin Croft, Anthonydavison, Robert, Engineering mathematics a modern foundation for electronic electrical and systems engineers, 1996
